[Event "Top 12 FRA-chT 2017"]
[Site "Chartres"]
[Date "2017.05.28"]
[Round "11"]
[White "Abergel, Thal"]
[Black "Delorme, Axel"]
[Result "1/2-1/2"]
[WhiteElo "2457"]
[BlackElo "2514"]
[Annotator "TA"]
[PlyCount "72"]
[EventDate "2017.??.??"]
[EventType "team-tourn"]
[EventCountry "FRA"]
[SourceTitle "playchess.com"]
[Source "ChessBase"]
[SourceQuality "1"]
[WhiteTeam "Tremblay-En-France"]
[BlackTeam "Clichy"]

{[%evp 22,72,8,1,12,13,7,13,27,30,37,26,40,0,0,0,8,5,7,8,10,16,26,14,19,33,22,13,71,13,50,10,110,110,175,178,273,78,76,0,0,0,0,0,0,0,0,0,0,0,0,0,0]} 1. Nf3 d5 2. c4 e6 3. g3 Nf6 4. Bg2 Be7 5. O-O O-O 6. b3 c5 7. cxd5 Nxd5 8. Bb2 Nc6 9. d4 cxd4 10. Nxd4 Bd7 11. Nd2 Nxd4 {D02: 1 d4 d5 2 Nf3 sidelines, including 2...Nf6 3 g3 and 2...Nf6 3 Bf4} 12. Bxd4 {LiveBook: 4 Games} Rc8 13. Nc4 Bb5 14. Rc1 Bg5 $146 ({Predecessor:} 14... b6 15. Qd2 Bxc4 16. bxc4 Nf6 17. Qb2 Qd6 18. e3 Qc7 19. Bf3 {½-½ (47) Grinberg,N (2200)-Zilber,I (2410) Ramat Hasharon 1979}) 15. e3 b6 16. Qh5 g6 17. Qf3 (17. Qe2 {is interesting.} Bf6 18. Rfd1 Ba6 19. Qb2 Bxd4 20. Rxd4 Qe7 21. Qd2) 17... Bf6 18. Rfd1 Bxd4 19. Rxd4 Qe7 20. Qd1 Rfd8 21. Bxd5 exd5 22. Rxd5 Rxd5 23. Qxd5 Rc5 24. Qd4 Qc7 (24... Bc6 $11 {remains equal.} 25. Rf1 b5) 25. Qf4 (25. e4 $16) 25... Qc8 26. Rc2 Qh3 (26... Qe6 $1 $11) 27. Rd2 $16 {Black must now prevent Rd8+.} Bc6 (27... Rc8 $16) 28. e4 {[#] Rd8+ is the strong threat.} Kg7 (28... Qe6 $142) 29. f3 $2 (29. Rd6 $18 {is more deadly. Threatens to win with Qf6+.} Be8 30. Qf6+ Kg8 31. Rd8) 29... Bb5 30. g4 ({White should play} 30. Qe3 $16) 30... Bxc4 $11 {The position is equal.} 31. bxc4 {[%mdl 4096] Endgame White threatens Rd7 and mate. KQR-KQR} Qh4 32. Rd7 Qe1+ $1 33. Kg2 Qe2+ 34. Kg3 (34. Kh3 $5 {[%cal Rf4f7]} Qf1+ 35. Kg3 Qe1+ 36. Kg2 Qe2+ 37. Kh3 Qf1+ 38. Kg3 Qe1+ 39. Kh3 Qf1+ $11) 34... Qe1+ 35. Kg2 Qe2+ 36. Kg3 (36. Kh3 $5 {[%cal Rf4f7]} Qf1+ 37. Kg3 Qe1+ 38. Kg2 $11) 36... Qe1+ {Precision: White = 47%, Black = 52%.} 1/2-1/2

[Event "Top 12 FRA-chT 2017"]
[Site "Chartres"]
[Date "2017.05.28"]
[Round "11"]
[White "Ider, Borya"]
[Black "Grafl, Florian"]
[Result "1-0"]
[WhiteElo "2456"]
[BlackElo "2377"]
[Annotator "TA"]
[PlyCount "73"]
[EventDate "2017.??.??"]
[EventType "team-tourn"]
[EventCountry "FRA"]
[SourceTitle "playchess.com"]
[Source "ChessBase"]
[SourceQuality "1"]
[WhiteTeam "Mulhouse Philidor"]
[BlackTeam "Saint Quentin"]

{[%evp 20,73,47,64,74,50,62,40,35,35,43,51,47,31,76,80,79,64,100,38,39,46,41,40,37,22,18,19,27,1,4,8,123,127,197,190,281,289,280,287,269,287,266,263,239,202,230,126,335,337,293,329,319,327,719,730]} 1. d4 Nf6 2. Nf3 g6 3. g3 Bg7 4. Bg2 O-O 5. O-O d6 6. c4 Nc6 7. Nc3 Rb8 8. Bf4 {E62: King's Indian: Fianchetto: 6...c6 and Panno Variation (6...Nc6) without ...a6} a6 9. Rc1 b5 10. Nd5 Bd7 11. Nxf6+ {LiveBook: 5 Games} exf6 12. cxb5 $146 ({Predecessor:} 12. Qd2 Ne7 13. d5 g5 14. Be3 Nf5 15. Nd4 Nxe3 16. fxe3 {½-½ (26) Meier,G (2659)-Lemos,D (2542) Buenos Aires 2011}) 12... Rxb5 13. Qd2 Nb4 14. b3 g5 15. Be3 $1 Nd5 16. Ne1 Nxe3 17. Qxe3 f5 18. Qd2 Be6 19. Nc2 (19. Bc6 $16) 19... c5 $14 20. Rfd1 Qa5 21. Qxg5 Qxa2 22. d5 Bc8 $1 23. Ne3 Rxb3 24. Bf3 {Strongly threatening Nc4.} h6 25. Qf4 Rxe3 (25... Rd8 $11 {remains equal.}) 26. Qxe3 $16 Bd7 (26... Qa4 $16 27. Rb1 Bd7) 27. Qf4 $36 {[%mdl 2048] White has strong initiative.} a5 (27... Ba4 $142) 28. Qxd6 Ba4 29. Rf1 ({Resist} 29. Qxc5 $6 Bxd1 30. Rxd1 Qb3 $18) 29... c4 30. Qc7 Bb3 31. d6 Qd2 32. e3 Bf6 33. Qc5 ({White should try} 33. Rcd1 $18 Bxd1 34. Rxd1) 33... Rd8 $2 (33... a4 $16 34. Rxc4 (34. Qxf5 Qxd6 35. Bd5 Bb2 $16) 34... Bxc4 35. Qxc4 a3) 34. Bd5 ({Not} 34. Qxf5 Rxd6 35. Qg4+ Kf8 $18) 34... a4 {Now ...c3 and Black clings on.} 35. Bxc4 Qxd6 36. Qxf5 {[#] And now Qg6+ would win.} Qe5 $2 (36... Qe7 37. Rb1 Bxc4 38. Qg4+ Bg7 39. Qxc4 a3) 37. Qg6+ {Precision: White = 66%, Black = 48%.} 1-0

[Event "Top 12 FRA-chT 2017"]
[Site "Chartres"]
[Date "2017.05.28"]
[Round "11"]
[White "Flear, Glenn C"]
[Black "Donchenko, Alexander"]
[Result "1/2-1/2"]
[WhiteElo "2439"]
[BlackElo "2563"]
[Annotator "TA"]
[PlyCount "42"]
[EventDate "2017.??.??"]
[EventType "team-tourn"]
[EventCountry "FRA"]
[SourceTitle "playchess.com"]
[Source "ChessBase"]
[SourceQuality "1"]
[WhiteTeam "Montpellier"]
[BlackTeam "Vandoeuvre"]

{[%evp 26,42,29,26,56,49,59,53,58,25,32,-21,22,12,16,7,25,12,34]} 1. d4 Nf6 2. c4 c5 3. d5 e6 4. Nc3 exd5 5. cxd5 d6 6. e4 g6 7. f4 Bg7 8. Bb5+ Nfd7 9. Nf3 a6 10. Bd3 b5 11. O-O O-O 12. Kh1 Nb6 {A67: Modern Benoni: Taimanov Variation} (12... Re8 13. a3 Ra7 14. Qe1 Nf6 15. Qh4 Ng4 16. Qg3 f5 17. Ng5 Qf6 18. h3 Nh6 19. e5 dxe5 20. fxe5 Rxe5 {1-0 (33) Edouard,R (2632)-Hillarp Persson,T (2539) Reykjavik 2015}) 13. f5 N8d7 14. Bg5 {LiveBook: 9 Games} Qe8 {White has an edge.} 15. Qd2 b4 $146 ({Predecessor:} 15... f6 16. Bf4 Ne5 17. Nxe5 fxe5 18. Bh6 Ra7 19. a3 Raf7 20. g4 {1-0 (42) Chueca Forcen,A (2296)-Juan Mas,S (2124) Calvia 2011}) 16. Nd1 a5 17. Ne3 Ba6 18. Ng4 (18. Bxa6 $14 Rxa6 19. Qc2) 18... Bxd3 19. f6 Qxe4 20. fxg7 Rfe8 ({Don't blunder} 20... Kxg7 $2 {[#]} 21. Bf6+ $1 {[%mdl 512]} Nxf6 22. Qh6+ Kh8 23. Nxf6 $18) 21. Nf2 $1 {[%csl LRd3,LRe4]} Qxd5 1/2-1/2

[Event "Top 12 FRA-chT 2017"]
[Site "Chartres"]
[Date "2017.05.28"]
[Round "11"]
[White "Boudiba, Mahfoud"]
[Black "Fressinet, Laurent"]
[Result "0-1"]
[WhiteElo "2409"]
[BlackElo "2668"]
[Annotator "TA"]
[PlyCount "64"]
[EventDate "2017.??.??"]
[EventType "team-tourn"]
[EventCountry "FRA"]
[SourceTitle "playchess.com"]
[Source "ChessBase"]
[SourceQuality "1"]
[WhiteTeam "Tremblay En France"]
[BlackTeam "Clichy"]

{[%evp 19,64,-18,-2,-4,0,0,0,0,0,0,3,-3,0,-10,-10,-39,-33,-28,-26,-35,-22,-68,-68,-22,-58,-115,-133,-114,-117,-289,-235,-395,-373,-321,-230,-232,-231,-339,-333,-469,-479,-29980,-1338,-29981,-29982,-6047,-6047]} 1. d4 d5 2. c4 e6 3. Nc3 c6 4. e3 Nf6 5. Nf3 Nbd7 6. Bd3 dxc4 7. Bxc4 b5 8. Bd3 Bd6 9. O-O O-O 10. e4 e5 11. Ne2 {D46: Semi-Slav: 5 e3 Nbd7 6 Bd3, Black avoids the Meran} c5 12. d5 c4 13. Bc2 {The position is equal.} Nc5 14. Ng3 a5 {[%cal Ba7a5,Ba5a4][%mdl 32]} 15. Be3 $146 ({Predecessor:} 15. Bg5 h6 16. Be3 Re8 17. h3 Bd7 18. Rc1 Rc8 {0-1 (34) Salem,A (2493)-Jakovenko,D (2736) Khanty-Mansiysk 2011}) 15... Re8 16. h3 Bd7 17. Nh2 a4 18. a3 Nb3 19. Bxb3 cxb3 20. Rc1 b4 21. axb4 Bxb4 22. Bc5 (22. Qf3 $15) 22... Bxc5 $17 23. Rxc5 {[#]} Qb6 $1 $36 {[%cal Rb6c5][%mdl 2048] White is under strong pressure.} 24. Rc3 $2 (24. Rc1 $17 {only move.}) 24... Rac8 {...Rxc3 is the strong threat.} 25. Qd2 $2 (25. Re3 {was necessary.}) 25... Rxc3 26. Qxc3 Qd4 {Strongly threatening ...Qxc3.} 27. Qxd4 exd4 {[%cal Be5d4,Bd4d3][%mdl 32]} 28. Rc1 (28. Nf3 {was forced.}) 28... Nxe4 $19 29. Nxe4 (29. Nf3 $142 Nxg3 30. fxg3) 29... Rxe4 30. Rc7 {[#]} (30. Nf1 $19 a3 31. Ng3) 30... Re1+ 31. Nf1 d3 32. Rxd7 g6 {Precision: White = 37%, Black = 96%.} 0-1

[Event "Top 12 FRA-chT 2017"]
[Site "Chartres"]
[Date "2017.05.28"]
[Round "11"]
[White "Vitoux, Colomban"]
[Black "Rambaldi, Francesco"]
[Result "1/2-1/2"]
[WhiteElo "2382"]
[BlackElo "2542"]
[Annotator "TA"]
[PlyCount "82"]
[EventDate "2017.??.??"]
[EventType "team-tourn"]
[EventCountry "FRA"]
[SourceTitle "playchess.com"]
[Source "ChessBase"]
[SourceQuality "1"]
[WhiteTeam "Strasbourg"]
[BlackTeam "Nice Alekhine"]

{[%evp 19,82,0,0,0,4,-14,15,0,0,0,0,-41,7,-28,-16,-12,-13,-55,-10,-20,-6,-6,0,0,0,0,0,0,0,0,-14,-50,-50,-63,-26,-20,-16,-56,-26,-26,-17,-33,-29,-30,-32,-77,-72,-74,-33,-104,-104,-100,-12,-23,0,0,0,0,0,-72,0,0,0,0,0]} 1. e4 e6 2. d4 d5 3. Nc3 Nf6 4. Bg5 dxe4 5. Nxe4 Be7 6. Nxf6+ Bxf6 7. Bxf6 Qxf6 8. Nf3 O-O 9. Qd2 c5 {C13: French: Classical System: 4 Bg5 Be7, Alekhine-Chatard Attack} 10. O-O-O Rd8 {LiveBook: 8 Games} 11. Qc3 b6 12. Bb5 (12. Bc4 {is more complex.} Nd7 13. d5 Qxc3 14. bxc3 Nf8 15. Ng5) 12... Bd7 $146 ({Predecessor:} 12... Ba6 13. Qc4 Bxb5 14. Qxb5 Nd7 15. Qe2 Rac8 16. dxc5 Nxc5 17. Kb1 {½-½ (49) Anand,V (2690)-Bareev,E (2670) Paris 1992}) 13. Bxd7 Nxd7 14. Qe3 Rac8 15. Rd2 Qg6 16. Qg5 (16. Rhd1 $5 {[%cal Rd4c5]} Re8 17. g3 $11) 16... Qxg5 17. Nxg5 Nf6 18. Rhd1 Kf8 19. Nf3 c4 20. c3 Nd5 21. a4 a6 22. Kc2 b5 23. axb5 axb5 24. Ra1 $1 b4 25. cxb4 Nxb4+ 26. Kd1 Nd5 27. Rc2 f6 28. Rac1 Nb6 29. Ke2 g5 30. h3 h5 31. g3 Rb8 32. Ke3 Nd5+ 33. Ke2 Ne7 (33... h4 $5) 34. Nd2 (34. Kf1 $15) 34... Nf5 $17 35. Rxc4 Rxb2 ({Black should try} 35... Nxd4+ $17 36. Kf1 Rxb2) 36. Rc8 $1 $11 {[%cal Rc8d8]} Nxd4+ 37. Kd3 Nc6+ 38. Rxd8+ Nxd8 39. Ne4 (39. Rc8 $11 Ke8 40. Ne4) 39... f5 (39... Kg7 $17) 40. Nxg5 Rxf2 {...Rg2 is the strong threat.} 41. Rc7 Ke8 {Precision: White = 48%, Black = 43%.} 1/2-1/2

[Event "Top 12 FRA-chT 2017"]
[Site "Chartres"]
[Date "2017.05.28"]
[Round "11"]
[White "Colin, Vincent"]
[Black "Naiditsch, Arkadij"]
[Result "0-1"]
[WhiteElo "2381"]
[BlackElo "2700"]
[Annotator "TA"]
[PlyCount "60"]
[EventDate "2017.??.??"]
[EventType "team-tourn"]
[EventCountry "FRA"]
[SourceTitle "playchess.com"]
[Source "ChessBase"]
[SourceQuality "1"]
[WhiteTeam "Lisieux"]
[BlackTeam "Bischwiller"]

{[%evp 15,60,-19,-14,-30,-30,-31,-30,-31,-25,-83,-57,-79,-29,-74,-77,-140,-80,-72,-63,-62,-79,-70,-56,-94,-74,-89,-75,-103,-91,-220,-224,-289,-279,-278,-230,-404,-392,-396,-393,-393,-381,-661,-670,-777,-717,-29983,-1237]} 1. d4 Nf6 2. Bf4 b6 3. e3 Bb7 4. Nf3 e6 5. Nbd2 Be7 6. Bd3 Nh5 7. Bg3 d6 8. Qe2 a6 {LiveBook: 7 Games. A47: 1 d4 Nf6 2 Nf3 b6: Torre, London and Colle Systems} 9. h4 $146 ({Predecessor:} 9. c3 Nd7 10. a4 c5 11. e4 Qc7 12. O-O Nxg3 13. hxg3 O-O 14. Nh2 Nb8 15. Qh5 g6 16. Qh6 {1-0 (41) Savchenko,B (2613)-Vavulin,M (2582) Moscow 2016}) 9... Nxg3 10. fxg3 Nd7 {Black is slightly better.} 11. g4 c5 12. a4 (12. c3 $11) 12... d5 13. c3 Qc7 14. Rh3 h6 15. e4 (15. Bc2 $142) 15... cxd4 (15... Nf6 $142 $1 16. a5 bxa5 17. dxc5 Bxc5 18. exd5 Nxd5) 16. Nxd4 $17 Nc5 $36 {[%mdl 2048] Black has some pressure.} 17. Bc2 dxe4 18. Nxe4 O-O-O 19. Nd2 Rd5 20. O-O-O Rhd8 21. Kb1 Kb8 22. b4 (22. Rhh1 $17) 22... e5 $19 23. Nf5 Ne6 24. Nxe7 Qxe7 25. g3 $2 (25. Qe1 {was necessary.}) 25... Qc7 26. Kb2 a5 27. bxa5 Nc5 {Hoping for ...Nd3+.} 28. Rh2 $2 (28. Kb1 bxa5 29. Rh2) 28... Nd3+ 29. Kb3 bxa5 {( -> ...Qb6+)} 30. Nc4 {[#]} Ba6 {Precision: White = 31%, Black = 70%.} (30... Rb5+ $142 $1 {[%mdl 512]} 31. axb5 {[#]} a4+ $1 {[%mdl 512]} 32. Ka3 Qc5+ 33. Ka2 Qxc4+ 34. Bb3 Qxb3+ 35. Ka1 Qxc3+ 36. Kb1 Rd4 37. Rxd3 Rb4+ 38. Qb2 Qxd3+ 39. Kc1 Qf1+ 40. Kd2 Rxb2+ 41. Kc3 Qc1+ 42. Kd3 Rxh2 43. h5 Qd2+ 44. Kc4 Qd4#) 0-1

[Event "Top 12 FRA-chT 2017"]
[Site "Chartres"]
[Date "2017.05.28"]
[Round "11"]
[White "Travadon, Loic"]
[Black "Apicella, Manuel"]
[Result "1/2-1/2"]
[WhiteElo "2358"]
[BlackElo "2515"]
[Annotator "TA"]
[PlyCount "52"]
[EventDate "2017.??.??"]
[EventType "team-tourn"]
[EventCountry "FRA"]
[SourceTitle "playchess.com"]
[Source "ChessBase"]
[SourceQuality "1"]
[WhiteTeam "Bois-Colombes"]
[BlackTeam "Grasse Echecs"]

{[%evp 16,52,-1,-10,-4,-4,-4,-4,-3,-4,-4,-4,-4,-4,-4,-11,-4,-4,-4,-16,-5,-19,-4,-4,-4,-4,-4,-4,0,-4,0,0,10,-4,0,-5,0,0,0]} 1. e4 e6 2. d4 d5 3. exd5 exd5 4. Bf4 Bd6 5. Bxd6 Qxd6 6. c3 Bf5 {C01: French: Exchange Variation} 7. Bd3 Ne7 8. Bxf5 Nxf5 9. Nf3 {LiveBook: 3 Games. The position is equal.} O-O 10. O-O Nd7 11. Nbd2 $146 ({Predecessor:} 11. Na3 c6 12. Nc2 Rac8 {½-½ (12) Delgado Ramirez,N (2572)-Bruzon Batista,L (2617) San Jose 2009}) 11... Rae8 12. Qc2 g6 13. Rfe1 c6 14. Rxe8 Rxe8 15. Re1 Rxe1+ 16. Nxe1 Qe7 (16... Qe6 $5 {[%cal Re6e1]} 17. Ndf3 Nf6 $11) 17. Nef3 Qe2 18. Qc1 f6 (18... Qb5 {keeps more tension.} 19. Nf1 h5 20. Qc2 Kg7 21. h3 Nd6) 19. Qe1 Qxe1+ 20. Nxe1 $11 {[%mdl 4096] Endgame KNN-KNN} Kf7 21. Nd3 g5 22. Kf1 Ke6 23. Ke2 b6 24. b3 (24. g4 $5 {[%cal Rg4f5]} Nh6 25. h3 $11) 24... h5 25. g3 a5 26. Nf1 c5 {Precision: White = 63%, Black = 44%.} 1/2-1/2

[Event "Top 12 FRA-chT 2017"]
[Site "Chartres"]
[Date "2017.05.28"]
[Round "11"]
[White "Roos, Louis"]
[Black "Bollengier, Andreea"]
[Result "0-1"]
[WhiteElo "2346"]
[BlackElo "2234"]
[Annotator "NA"]
[PlyCount "62"]
[EventDate "2017.??.??"]
[EventType "team-tourn"]
[EventCountry "FRA"]
[SourceTitle "playchess.com"]
[Source "ChessBase"]
[SourceQuality "1"]
[WhiteTeam "Strasbourg"]
[BlackTeam "Nice Alekhine"]
[TimeControl "40/5400+30:1800+30"]

1. c4 {[%emt 0:00:32]} c6 {[%emt 0:00:09]} 2. Nf3 {[%emt 0:03:12]} Nf6 {[%emt 0:00:13]} 3. b3 {[%emt 0:00:16]} d5 {[%emt 0:00:13]} 4. e3 {[%emt 0:00:12]} Bf5 {[%emt 0:00:39]} 5. Bb2 {[%emt 0:00:30]} e6 {[%emt 0:00:08]} 6. h3 {[%emt 0:02:16]} Nbd7 {[%emt 0:00:11]} 7. a3 {[%emt 0:03:23]} h6 {[%emt 0:00:29]} 8. Nc3 {[%emt 0:10:48]} Bd6 {[%emt 0:01:44]} 9. Be2 {[%emt 0:03:57]} O-O {[%emt 0:01:35]} 10. g4 {[%emt 0:03:04]} Be4 {[%emt 0:02:37]} 11. d3 {[%emt 0:01:18]} Bxf3 {[%emt 0:00:31]} 12. Bxf3 {[%emt 0:00:18]} dxc4 {[%emt 0:17:12]} 13. dxc4 {[%emt 0:16:32]} Bc7 {[%emt 0:25:32]} 14. Qc2 {[%emt 0:02:27]} Ne5 {[%emt 0:00:35]} 15. Be2 {[%emt 0:00:10]} Nh7 {[%emt 0:00:32]} 16. h4 {[%emt 0:00:54]} f5 {[%emt 0:04:11]} 17. f4 {[%emt 0:31:31]} Nxg4 {[%emt 0:03:10]} 18. Bxg4 {[%emt 0:04:50]} fxg4 {[%emt 0:00:07]} 19. Ne4 {[%emt 0:04:19]} e5 {[%emt 0:29:13]} 20. Ng5 {[%emt 0:01:06]} hxg5 {[%emt 0:03:12]} 21. hxg5 {[%emt 0:00:08]} Nxg5 {[%emt 0:00:31]} 22. fxg5 {[%emt 0:01:47]} e4 {[%emt 0:00:16]} 23. Bd4 {[%emt 0:03:18]} Bg3+ {[%emt 0:02:06]} 24. Kd1 {[%emt 0:00:24]} Qe7 {[%emt 0:02:44]} 25. Qg2 {[%emt 0:02:26]} Rf3 {[%emt 0:00:03]} 26. g6 {[%emt 0:00:31]} c5 {[%emt 0:01:09]} 27. Bc3 {[%emt 0:00:48]} Qd6+ {[%emt 0:01:13]} 28. Kc1 {[%emt 0:01:02]} Qxg6 {[%emt 0:00:10]} 29. Qd2 {[%emt 0:00:28]} Qf7 {[%emt 0:00:56]} 30. Qd1 {[%emt 0:00:56]} Rf8 {[%emt 0:01:48]} 31. Qd5 {[%emt 0:01:05]} Qxd5 {[%emt 0:00:15]} 0-1

[Event "Top 12 FRA-chT 2017"]
[Site "Chartres"]
[Date "2017.05.28"]
[Round "11"]
[White "Godard, Maxence"]
[Black "Maze, Sebastien"]
[Result "0-1"]
[WhiteElo "2329"]
[BlackElo "2619"]
[Annotator "TA"]
[PlyCount "64"]
[EventDate "2017.??.??"]
[EventType "team-tourn"]
[EventCountry "FRA"]
[SourceTitle "playchess.com"]
[Source "ChessBase"]
[SourceQuality "1"]
[WhiteTeam "Lisieux"]
[BlackTeam "Bischwiller"]

{[%evp 23,64,6,32,-6,46,0,50,19,26,0,0,0,0,-16,5,0,56,5,40,-91,-93,-85,-100,-110,-110,-108,-81,-156,-142,-179,-168,-383,-108,-2057,-2083,-1831,-1816,-2028,-2023,-1918,-1814,-29994,-29995]} 1. d4 Nf6 2. Nf3 g6 3. c4 Bg7 4. Nc3 O-O 5. e4 d6 6. h3 e5 7. d5 a5 8. Bg5 Na6 9. Be2 Nc5 10. Nd2 Bd7 11. O-O {E92: King's Indian: Classical: 6 Be2 e5: 7 dxe5, 7 Be3 and Petrosian System without 7...Nbd7} (11. g4 c6 12. h4 a4 13. a3 Qa5 14. Kf1 cxd5 15. cxd5 b5 16. Be3 Rab8 17. h5 b4 18. axb4 Rxb4 19. Bxc5 Qxc5 {0-1 (27) Grischuk,A (2792)-Morozevich,A (2731) Dubai 2014}) 11... h6 12. Be3 Nh7 {LiveBook: 29 Games} 13. Re1 {White is slightly better.} Qh4 $146 (13... b6 $11) ({Predecessor:} 13... f5 14. exf5 gxf5 15. f4 exf4 16. Bxf4 Qf6 17. Nf3 Ng5 18. Rc1 Rae8 19. Bf1 Nce4 {0-1 (51) Jokovic,D (2195)-Tratar,M (2455) Bled 2003}) 14. Bf1 Rfe8 15. g3 Qd8 16. Nb3 (16. Bxc5 $5 dxc5 17. b3 $11) 16... b6 17. Nxc5 bxc5 18. Qd2 h5 19. h4 Kh8 (19... a4 $11) 20. Kh2 (20. Bd3 $14) 20... f5 {[%cal Bf7f5,Bf5f4][%mdl 32]} 21. Bh6 (21. exf5 $14 {keeps the upper hand.} Bxf5 22. Bd3) 21... f4 $1 $17 22. Bxg7+ Kxg7 23. Bh3 Bxh3 24. Kxh3 Rf8 25. Rg1 ({White should try} 25. Rh1) 25... Rf7 (25... fxg3 26. fxg3 Qd7+ 27. Kg2 $15) 26. Raf1 Qd7+ 27. Kg2 $2 {[#]} (27. Kh2 {only move.}) 27... Qg4 $2 (27... Ng5 $1 $19 {[%csl Gg5][%cal Rd7h3] and Black stays clearly on top.} 28. Rh1 (28. hxg5 $2 f3+ 29. Kh2 Qg4 $19) 28... f3+ 29. Kg1 Nh3+ 30. Kh2 {[#]} g5 $1 {[%mdl 512]}) 28. Qe1 $2 {[%mdl 8192]} (28. Rh1 $17) 28... f3+ $19 ({Worse is} 28... fxg3 29. fxg3 g5 30. Qd1 $11 (30. Rxf7+ Kxf7 31. Qd1 Qxd1 $11)) 29. Kh2 {[#]} Ng5 $1 {[%mdl 512]} 30. hxg5 h4 {[%cal Bh5h4,Bh4g3,Bg3g2][%mdl 32]} 31. Rh1 hxg3+ 32. Kg1 g2 {Precision: White = 17%, Black = 43%.} 0-1

[Event "Top 12 FRA-chT 2017"]
[Site "Chartres"]
[Date "2017.05.28"]
[Round "11"]
[White "Guichard, Pauline"]
[Black "Aflalo, Sophie"]
[Result "1-0"]
[WhiteElo "2312"]
[BlackElo "2135"]
[Annotator "NA"]
[PlyCount "91"]
[EventDate "2017.??.??"]
[EventType "team-tourn"]
[EventCountry "FRA"]
[SourceTitle "playchess.com"]
[Source "ChessBase"]
[SourceQuality "1"]
[WhiteTeam "Clichy"]
[BlackTeam "Tremblay-En-France"]
[TimeControl "40/5400+30:1800+30"]

1. d4 {[%emt 0:00:00]} Nf6 {[%emt 0:02:13]} 2. g3 {[%emt 0:00:00]} c5 {[%emt 0:01:42]} 3. d5 {[%emt 0:00:00]} g6 {[%emt 0:00:15]} 4. Nc3 {[%emt 0:00:25]} d6 {[%emt 0:02:17]} 5. Bg2 {[%emt 0:00:15]} Bg7 {[%emt 0:00:18]} 6. e4 {[%emt 0:00:21]} O-O {[%emt 0:01:10]} 7. Nge2 {[%emt 0:00:23]} Nbd7 {[%emt 0:07:18]} 8. O-O {[%emt 0:00:55]} a6 {[%emt 0:00:31]} 9. a4 {[%emt 0:00:19]} b6 {[%emt 0:00:10]} 10. Bf4 {[%emt 0:21:31]} Rb8 {[%emt 0:01:35]} 11. Qd2 {[%emt 0:00:07]} Re8 {[%emt 0:00:50]} 12. Rab1 {[%emt 0:01:37]} Nh5 {[%emt 0:07:05]} 13. Bh6 {[%emt 0:03:47]} Bh8 {[%emt 0:06:36]} 14. g4 {[%emt 0:00:11]} Nhf6 {[%emt 0:00:51]} 15. h3 {[%emt 0:00:06]} Qc7 {[%emt 0:16:02]} 16. Ng3 {[%emt 0:03:12]} Ne5 {[%emt 0:01:52]} 17. b3 {[%emt 0:01:53]} Qd7 {[%emt 0:27:41]} 18. g5 {[%emt 0:13:39]} Nh5 {[%emt 0:00:06]} 19. Nxh5 {[%emt 0:02:08]} Qxh3 {[%emt 0:00:20]} 20. Nf6+ {[%emt 0:10:03]} exf6 {[%emt 0:12:17]} 21. f4 {[%emt 0:00:42]} Qh5 {[%emt 0:03:17]} 22. fxe5 {[%emt 0:01:28]} f5 {[%emt 0:00:11]} 23. Bf3 {[%emt 0:11:28]} Qh4 {[%emt 0:00:59]} 24. Qf2 {[%emt 0:00:51]} Qh3 {[%emt 0:01:00]} 25. Qg2 {[%emt 0:03:06]} Qh4 {[%emt 0:00:28]} 26. Ne2 {[%emt 0:01:58]} Bxe5 {[%emt 0:00:10]} 27. Qh1 {[%emt 0:00:30]} Qxh1+ {[%emt 0:01:58]} 28. Kxh1 {[%emt 0:02:44]} fxe4 {[%emt 0:00:11]} 29. Bxe4 {[%emt 0:00:33]} Bg4 {[%emt 0:01:29]} 30. Bd3 {[%emt 0:04:59]} Bh8 {[%emt 0:02:56]} 31. Rf2 {[%emt 0:00:54]} b5 {[%emt 0:01:14]} 32. axb5 {[%emt 0:00:23]} axb5 {[%emt 0:00:01]} 33. Rg1 {[%emt 0:02:37]} Bc8 {[%emt 0:00:55]} 34. Kg2 {[%emt 0:00:12]} Ba6 35. Rf4 {[%emt 0:06:43]} Re7 {[%emt 0:00:55]} 36. Ng3 {[%emt 0:01:39]} Be5 {[%emt 0:00:40]} 37. Re4 {[%emt 0:01:10]} Bb7 {[%emt 0:00:34]} 38. c4 {[%emt 0:00:04]} b4 {[%emt 0:00:11]} 39. Ra1 {[%emt 0:01:04]} Bc8 {[%emt 0:00:00]} 40. Ra5 {[%emt 0:01:18]} Rc7 {[%emt 0:30:15]} 41. Re2 {[%emt 0:32:12]} Bg4 {[%emt 0:00:00]} 42. Rea2 {[%emt 0:00:00]} Bxg3 {[%emt 0:00:00]} 43. Kxg3 {[%emt 0:00:00]} Bd7 {[%emt 0:00:00]} 44. Ra8 {[%emt 0:00:00]} Rcc8 {[%emt 0:00:00]} 45. Rxb8 {[%emt 0:00:00]} Rxb8 {[%emt 0:00:00]} 46. Ra6 {[%emt 0:00:00]} 1-0